000 00308nam a22001097a 4500
082 _a920/BAK
100 _aBakshi,Dr.D.N.
_983259
245 _aDr.Shyamaprasad Mookherjee
_bThe Nationalist,Educationist And Champion Of Humanity
260 _aKolkta
_bTowads Freedom
_c2022
650 _aBiography
942 _cBK
999 _c68107
_d68107